000 00627 a2200217 4500
003 Nust
005 20170207153133.0
010 _a 94036398
020 _a8120311361
040 _cNust
082 0 0 _a006.33
100 1 _aKlir, George J.,
245 1 0 _aFuzzy sets and fuzzy logic :
_btheory and applications /
_cGeorge J. Klir and Bo Yuan.
260 _aUpper Saddle River, N.J. :
_bPrentice Hall PTR,
_cc1995.
300 _axv, 574 p. :
_bill. ;
_c25 cm.
505 _aTheory (Page-1), Applications (Page-280).
538 _aAlmirah No.9 Shelf No.4
650 0 _aFuzzy logic.
650 0 _aFuzzy sets.
700 1 _aYuan, Bo.
942 _2ddc
_cBK
999 _c179734
_d179734